Mercadeo digital en la nueva economía (Registro nro. 11245)
[ vista simple ]
| 000 -Cabecera | |
|---|---|
| Campo de control de longitud fija | 00829nam a22003257a 4500 |
| 005 - Fecha y hora de la última transacción | |
| Campo de control | 20240321171617.0 |
| 008 - Elementos de longitud fija--Información general | |
| Campo de control de longitud fija | 181012b2018 xxu||||| |||| 00| 0 spa d |
| 020 ## - International Standard Book Number | |
| Número Internacional Estándar del Libro (ISBN) | 9789968486873 |
| 041 ## - Idioma | |
| Código de idioma | Español |
| 082 ## - Clasificación Decimal Dewey | |
| Número de clasificación | 658.872 B837m |
| 100 ## - Entrada principal--Autor personal | |
| Nombre personal | Brenes Bonilla, Lizette |
| 245 ## - Título propiamente dicho | |
| Título | Mercadeo digital en la nueva economía |
| 260 ## - Pie de imprenta | |
| Lugar de publicación, distribución, etc. | Costa Rica |
| 260 ## - Pie de imprenta | |
| Nombre del editor, distribuidor, etc. | EUNED |
| 260 ## - Pie de imprenta | |
| Fecha de publicación, distribución, etc. | 2018 |
| 300 ## - Descripción física | |
| Extensión | 264 páginas |
| 650 ## - Materia general | |
| Temática (materia general) | MARKETING DIGITAL |
| 650 ## - Materia general | |
| Temática (materia general) | MERCADEO DIGITAL |
| 650 ## - Materia general | |
| Temática (materia general) | MERCADOTECNIA |
| 650 ## - Materia general | |
| Temática (materia general) | APERTURA ECONÓMICA |
| 650 ## - Materia general | |
| Temática (materia general) | INNOVACIÓN |
| 650 ## - Materia general | |
| Temática (materia general) | DICOTOMÍA COMERCIAL |
| 650 ## - Materia general | |
| Temática (materia general) | OMNICANALES |
| 650 ## - Materia general | |
| Temática (materia general) | BIG DATA |
| 650 ## - Materia general | |
| Temática (materia general) | ECONOMÍA COLABORATIVA |
| 650 ## - Materia general | |
| Temática (materia general) | COMERCIO ELECTRÓNICO |
| 650 ## - Materia general | |
| Temática (materia general) | COMERCIO MÓVIL |
| 942 ## - Punto de acceso adicional KOHA | |
| Tipo de ítem KOHA | Libro |
| Fuente del sistema de clasificación o colocación | Dewey Decimal Classification |
| Signatura completa | Código de barras | Programa Académico | Tipo de ítem |
|---|---|---|---|
| 658.872 B837m | 23632 | Dirección y Administración de Empresas | Libro |
| 658.872 B837m | 23633 | Dirección y Administración de Empresas | Libro |
| 658.872 B837m | 25901 | Libro |